Адаптация ультрадисперсных порошков к технологии прессования; Электротехника, электромеханика и электротехнологии; Т. 1: Секция 1-2. Электроизоляционная и кабельная техника. Электротехническое материаловедение и электротехнологии. Секции 8-9. Электрические машины. Электрические и электронные аппараты. Секция 10. Инженерная и компьютерная графика

Bibliographic Details
Parent link:Электротехника, электромеханика и электротехнологии: труды IX региональной научно-практической студенческой конференции, 2-5 июня 2009 г., Томск/ Томский политехнический университет (ТПУ), Электротехнический институт (ЭЛТИ).— , 2009
Т. 1: Секция 1-2. Электроизоляционная и кабельная техника. Электротехническое материаловедение и электротехнологии. Секции 8-9. Электрические машины. Электрические и электронные аппараты. Секция 10. Инженерная и компьютерная графика.— 2009.— С. 47-50
Main Author: Кокорина А. С.
Other Authors: Кондратюк А. А. (научный руководитель), Ивашутенко А. С. Александр Сергеевич
Language:Russian
Published: 2009
Subjects:
Format: Book Chapter
KOHA link:https://koha.lib.tpu.ru/cgi-bin/koha/opac-detail.pl?biblionumber=197653

MARC

LEADER 00000naa2a2200000 4500
001 197653
005 20231031183524.0
035 |a (RuTPU)RU\TPU\book\215606 
090 |a 197653 
100 |a 20110615d2009 k y0rusy50 ca 
101 0 |a rus 
102 |a RU 
200 1 |a Адаптация ультрадисперсных порошков к технологии прессования  |f А. С. Кокорина, А. А. Кондратюк  |g науч. рук. А. С. Ивашутенко 
320 |a Библиогр.: 2 назв. 
461 1 |0 (RuTPU)RU\TPU\book\209139  |t Электротехника, электромеханика и электротехнологии  |o труды IX региональной научно-практической студенческой конференции, 2-5 июня 2009 г., Томск  |f Томский политехнический университет (ТПУ), Электротехнический институт (ЭЛТИ)  |d 2009 
463 0 |0 (RuTPU)RU\TPU\book\208721  |t Т. 1: Секция 1-2. Электроизоляционная и кабельная техника. Электротехническое материаловедение и электротехнологии. Секции 8-9. Электрические машины. Электрические и электронные аппараты. Секция 10. Инженерная и компьютерная графика  |v С. 47-50  |d 2009  |p 280 с. 
610 1 |a ультрадисперсные порошки 
610 1 |a технологии 
610 1 |a прессование 
610 1 |a труды учёных ТПУ 
700 1 |a Кокорина  |b А. С. 
701 1 |a Кондратюк  |b А. А. 
702 1 |a Ивашутенко  |b А. С.  |c специалист в области электротехники  |c заведующий кафедрой Томского политехнического университета, кандидат технических наук  |f 1981-  |g Александр Сергеевич  |2 stltpush  |4 727 
801 1 |a RU  |b 63413507  |c 20110615 
801 2 |a RU  |b 63413507  |c 20130619  |g RCR 
942 |c BK